Nonverbal communication / (Record no. 24140)
[ view plain ]
| 000 -LEADER | |
|---|---|
| fixed length control field | 00704nam a2200229 a 4500 |
| 003 - CONTROL NUMBER IDENTIFIER | |
| control field | PILC |
| 005 - DATE AND TIME OF LATEST TRANSACTION | |
| control field | 20160220095058.0 |
| 008 - FIXED-LENGTH DATA ELEMENTS--GENERAL INFORMATION | |
| fixed length control field | 101018s19uu xx 00 eng d |
| 020 ## - INTERNATIONAL STANDARD BOOK NUMBER | |
| International Standard Book Number | 978-0-205-52500-3 |
| 050 ## - LIBRARY OF CONGRESS CALL NUMBER | |
| Classification number | BF 637.N66 |
| Item number | .B86 2010 |
| 100 ## - MAIN ENTRY--PERSONAL NAME | |
| Personal name | Burgoon, Judee K. |
| 245 ## - TITLE STATEMENT | |
| Title | Nonverbal communication / |
| Statement of responsibility, etc | Judee K. Burgoon, Laura K. Guerrero, Kory Floyd. |
| 260 ## - PUBLICATION, DISTRIBUTION, ETC. (IMPRINT) | |
| Place of publication, distribution, etc | Boston : |
| Name of publisher, distributor, etc | Allyn & Bacon, |
| Date of publication, distribution, etc | 2010. |
| 300 ## - PHYSICAL DESCRIPTION | |
| Extent | 509 pages : |
| Dimensions | 24 cm. |
| Other physical details | illustrations ; |
| 500 ## - GENERAL NOTE | |
| General note | Includes bibliographical references and index. |
| 650 ## - SUBJECT ADDED ENTRY--TOPICAL TERM | |
| Topical term or geographic name as entry element | Body language. |
| 650 ## - SUBJECT ADDED ENTRY--TOPICAL TERM | |
| Topical term or geographic name as entry element | Nonverbal communication. |
| 700 ## - ADDED ENTRY--PERSONAL NAME | |
| Personal name | Guerrero, Laura K. |
| 700 ## - ADDED ENTRY--PERSONAL NAME | |
| Personal name | Floyd, Kory. |
| 942 ## - ADDED ENTRY ELEMENTS (KOHA) | |
| Koha item type | Books |
| Source of classification or shelving scheme | Library of Congress Classification |
| Call number prefix | Foreign |
| Withdrawn status | Lost status | Source of classification or shelving scheme | Damaged status | Home library | Current library | Shelving location | Date acquired | Source of acquisition | Total Checkouts | Full call number | Barcode | Date last seen | Date checked out | Price effective from | Koha item type |
|---|---|---|---|---|---|---|---|---|---|---|---|---|---|---|---|
| Library of Congress Classification | College Library | College Library | General Circulation Section | 10/18/2010 | Library Fund | 1 | BF 637.N66 .B86 2010 | C11523 | 09/24/2019 | 09/19/2019 | 03/10/2014 | Books |